| 000 | 01389nam a2200337 c 4500 | ||
|---|---|---|---|
| 999 |
_c98771 _d98771 |
||
| 003 | BLK | ||
| 005 | 20210126150818.0 | ||
| 008 | 180409b bul|||||r ||||||| ||bul|| | ||
| 010 | _aKNG00103722000 | ||
| 040 | _aBLK | ||
| 041 |
_aBUL _cBUL |
||
| 080 |
_aСтара и антична история (общо) _b931/939 _z931/939 |
||
| 100 | 1 |
_aДанов, Христо Милошев _eпърви автор _9265292 |
|
| 139 |
_aДанов, Христо Милошев и др. _bД 19 |
||
| 245 | 1 | 0 |
_aИскри от древността _bНауч.-попул. четива из историята на древния свят за ученици _cХристо Милошев Данов; съавт. Милка Манова-Янакиева. |
| 257 | _aBGR | ||
| 260 |
_bНар. просв. _c1973 _fСофия : ДП Г. Димитров _aСофия |
||
| 300 |
_a255 с. _bс ил. _c28 см |
||
| 380 | _a9 | ||
| 500 | _a30 131 тир. | ||
| 650 | 4 |
_aДревен свят - история _9243364 |
|
| 653 | _aдревни цивилизации | ||
| 653 | _aистория | ||
| 653 | _aдревен свят | ||
| 700 | 1 |
_aМанова-Янакиева, Милка _eсъавт. _9374476 |
|
| 852 |
_aЦб ІІ 4645 _bЦб |
||
| 856 | 4 | _qpdf | |
| 856 | 4 | _qpdf | |
| 942 |
_cKNG _n0 _s1 |
||
| 944 |
_aCR _c01.01.1999 _lф / _kЛюдмила_Стоянова |
||
| 944 |
_aED _c29.03.2018 _lф / _kНора_Радева |
||
| 999 | _d98771 | ||